Statystyki dla Województwa Polski według granic w 15 sekund

Kliknij tutaj aby rozwiązać quiz!

Ogólne statystyki

  • Ten quiz został rozwiązany 246 razy
  • Średni wynik to 14 z 16

Odpowiedzi na mapie

Odpowiedzi skodowane kolorowo w zielono-czerwonej skali na mapie do tego quizu, zgodnie z poniższymi procentami.
 

Statystyki odpowiedzi

Województwo% Poprawnych
wielkopolskie
99%
kujawsko - pomorskie
97%
łódzkie
97%
warmińsko - mazurskie
93%
świętokrzyskie
92%
mazowieckie
91%
śląskie
91%
pomorskie
90%
zachodniopomorskie
90%
opolskie
89%
dolnośląskie
86%
lubelskie
86%
podlaskie
85%
małopolskie
80%
lubuskie
78%
podkarpackie
70%

Rozkład punktacji

Percentyl według liczby udzielonych odpowiedzi

Procent ludzi z każdym wynikiem

Twoja historia wyników

Nie rozwiązałeś tego quizu